Ngoại khoa chiến tranh

Spremljeno u:
Bibliografski detalji
Glavni autor: Học viện quân y Hà Nội. Bộ môn ngoại khoa dã chiến
Format: Knjiga
Jezik:Undetermined
Izdano: Hà Nội Y học 1981
Teme:
Oznake: Dodaj oznaku
Bez oznaka, Budi prvi tko označuje ovaj zapis!
Thư viện lưu trữ: Trung tâm Học liệu Trường Đại học Cần Thơ
LEADER 00629nam a2200181Ia 4500
001 CTU_11873
008 210402s9999 xx 000 0 und d
082 |a 617.07 
082 |b B450/1981 
100 |a Học viện quân y Hà Nội. Bộ môn ngoại khoa dã chiến 
245 0 |a Ngoại khoa chiến tranh 
245 0 |c Học viện quân y Hà Nội. Bộ môn ngoại khoa dã chiến 
260 |a Hà Nội 
260 |b Y học 
260 |c 1981 
650 |a pathology, surgical 
904 |i Nguyễn Quang Điền, 961010 
980 |a Trung tâm Học liệu Trường Đại học Cần Thơ